00500 2200205 4500001002100000005001500021008004100036020002200077035001900099041000700118082001000125090001600135100002000151245002000171250000600191260003100197300003200228500001100260650002300271INLIS00000000000551220241224113120241224||||||||| | ||| |||| || |  a978-602-7652-21-7 0010-1224005512 aid0 a372.2 a372.2 HER s0 aHERLINA SITORUS00aSelamatkan Laut a1 atangerangbBuah Hatic2013 a24,5x19 cm, 16 hlm.; ilus.: aCet. 1 0aCerita -- Kelautan